US Presidential Odd-One-Out Quiz Stats

Quiz Updated Apr 7, 2015

Challenge
Share
Tweet
Embed
Score 0/15 Timer 05:00
0 Plays Today
% Correct
Mount Rushmore Faces???
95.9%
US Presidents???
85.4%
19th Century Presidents???
82%
Assassinated???
77.5%
Served Two Full Terms???
68.4%
Born in Virginia???
66.4%
Also was a VP???
44.1%
Wife Died Before Taking Office???
43.2%
% Correct
Had a Middle Name???
41.2%
Whig (or Whig ticket) Presidents???
41%
Ran Again After Leaving Office???
38.4%
Used (birth) Middle Name as First Name???
36.6%
Served in the Civil War???
27.1%
Had No VP???
26.3%
Left-Handed???
23.1%

You're not logged in!

Compare scores with friends on all Sporcle quizzes.
Join for Free
OR
Log In

You Might Also Like...

Show Comments

Extras

Top Quizzes Today


Score Distribution

Your Account Isn't Verified!

In order to create a playlist on Sporcle, you need to verify the email address you used during registration. Go to your Sporcle Settings to finish the process.

Report this User

Report this user for behavior that violates our Community Guidelines.

Details: